عکس کما ل (Record no. 176463)

MARC details
000 -LEADER
fixed length control field 00660nam a22001937a 4500
005 - DATE AND TIME OF LATEST TRANSACTION
control field 20201229120821.0
010 ## - LCCN (DPL NO)
LC control number UR-10978
020 ## - INTERNATIONAL STANDARD BOOK NUMBER
Terms of availability 300.00
International Standard Book Number -
035 ## - SYSTEM CONTROL NUMBER
System control number U-9533
037 ## - SOURCE OF ACQUISITION
Source of stock number/acquisition DBAD/PUB
082 ## - DEWEY DECIMAL CLASSIFICATION NUMBER
Classification number 841
100 ## - MAIN ENTRY--PERSONAL NAME
Fuller form of name ا لحا ج ا يم ا ے حميد عکسی
245 ## - TITLE STATEMENT
Title عکس کما ل
Statement of responsibility, etc ما لحا ج ا يم ا ے حميد عکسی
246 ## - VARYING FORM OF TITLE
Remainder of title ‏Aks-e-Kamal (Urdu)
Title proper/short title by Alhaaj M.A. Hameed Aksi
260 ## - PUBLICATION, DISTRIBUTION, ETC. (IMPRINT)
Place of publication, distribution, etc Tilangana
Name of publisher, distributor, etc Alhaaj M.A. Hameed Aksi
Date of publication, distribution, etc 2019 ء
270 ## - ADDRESS
Address 14-6-39-Nizam Pura,Mandi Bazar,Warangal
City Bhubhaneshwar
Postal code 506002
Telephone number -
Fax number -
300 ## - PHYSICAL DESCRIPTION
Extent 200 ص
Dimensions 22 Cm(Hb)
942 ## - ADDED ENTRY ELEMENTS (KOHA)
Source of classification or shelving scheme Dewey Decimal Classification
Item type Urdu Bks
Classification part 841
Call number suffix ا ک س
Holdings
Withdrawn status Lost status Not for loan Collection code Home library Current library Date acquired Source of acquisition Cost, normal purchase price Full call number Barcode Copy number Cost, replacement price Koha item type
      Non-fiction D.B.Act.Division D.B.Act.Division 29/12/2020 DBAD/PUB 300.00 841 ا ک س U-9533 1 300.00 Urdu Bks

© Delhi Public Library
Hit Counter
free hit counter